000 00477nam a2200181Ia 4500
003 GCL
008 140319s9999 xx 000 0 eng d
040 _aGCL /
_cGCL
082 0 4 _a005.43
_bL V
100 1 _aLEACH. GEOREGE W
245 1 0 _aVNIX: Self-Teaching Guide /
_cLEACH. GEOREGE W
260 _a[S.N] :
_bJOHN WILEY AND SONS. INC ،
_c1993
300 _a249.P
650 0 4 _aUNIX
650 0 4 _aPROGRAMMED INSTRUCTION
650 0 4 _aOPERATING SYSTEMS
942 _2ddc
_cBK
999 _c21481
_d21481